[Event "COL-chT"]
[Site "Risaralda"]
[Date "2023.11.23"]
[Round "7.2"]
[White "Corpus de Mares, Arnell"]
[Black "Castaneda, Jorge Luis"]
[Result "0-1"]
[WhiteElo "1226"]
[BlackElo "2185"]
[PlyCount "50"]
[EventDate "2023.11.19"]
[EventType "team-swiss"]
[EventRounds "7"]
[EventCountry "COL"]
[SourceTitle "CB49_2023"]
[SourceDate "2023.12.06"]
[SourceVersion "1"]
[SourceVersionDate "2023.12.06"]
[SourceQuality "1"]
[WhiteTeam "San Andres Islas"]
[BlackTeam "Cesar"]
[WhiteTeamCountry "COL"]
[BlackTeamCountry "COL"]

1. e4 d5 2. exd5 Qxd5 3. Nf3 Bg4 4. Be2 Nc6 5. 0-0 0-0-0 6. Nc3 Qd7 7. d3 e5 8. Be3 Nf6 9. a3 Kb8 10. b4 Bd6 11. Ne4 Nxe4 12. dxe4 f5 13. Bg5 fxe4 14. Bxd8 exf3 15. Bxf3 Bxf3 16. Qxf3 Rxd8 17. c3 Rf8 18. Qd5 Qf5 19. b5 Ne7 20. Qd2 Ng6 21. g3 e4 22. a4 Ne5 23. Qe2 Qh3 24. f4 exf3 25. Qf2 Bc5 0-1

[Event "COL-ch"]
[Site "Cartagena"]
[Date "2023.06.11"]
[Round "7"]
[White "Castaneda, Jorge Luis"]
[Black "Hernandez Jimenez, Jeronimo"]
[Result "1/2-1/2"]
[WhiteElo "2205"]
[BlackElo "2151"]
[PlyCount "78"]
[EventDate "2023.06.08"]
[EventType "swiss"]
[EventRounds "9"]
[EventCountry "COL"]
[SourceTitle "CBM 215 Extra"]
[Source "ChessBase"]
[SourceDate "2023.09.30"]
[SourceVersion "1"]
[SourceVersionDate "2023.09.30"]
[SourceQuality "1"]

1. d4 Nf6 2. Nf3 d5 3. Bf4 c5 4. e3 Nc6 5. Nbd2 g6 6. c3 Bg7 7. dxc5 Nd7 8. Nb3 Ndb8 9. Be2 0-0 10. h3 e5 11. Bh2 a5 12. a4 Be6 13. 0-0 Qe7 14. Bb5 Nd7 15. Re1 f6 16. Nfd2 Nxc5 17. Nxc5 Qxc5 18. Qb3 Bf7 19. Bf1 Qe7 20. Qb5 Rfc8 21. e4 d4 22. Bc4 dxc3 23. bxc3 Bh6 24. Red1 Bxd2 25. Rxd2 Bxc4 26. Qxc4+ Qf7 27. Qxf7+ Kxf7 28. Rd7+ Ne7 29. Rxb7 Rxc3 30. f4 exf4 31. Bxf4 Ke6 32. Rd1 Rc6 33. Rdd7 Re8 34. Rd4 Rec8 35. Ra7 Rc4 36. Rd6+ Kf7 37. Rdd7 Re8 38. Bd6 Rxe4 39. Rxa5 Ke6 1/2-1/2

[Event "American Continental 13th"]
[Site "Medellin"]
[Date "2017.06.11"]
[Round "3"]
[White "Castaneda, Jorge Luis"]
[Black "Zambrano Acebo, Jean Carlos"]
[Result "1/2-1/2"]
[WhiteElo "2155"]
[BlackElo "1933"]
[PlyCount "82"]
[EventDate "2017.06.10"]
[EventType "swiss"]
[EventRounds "11"]
[EventCountry "COL"]
[SourceTitle "CBM 178 Extra"]
[Source "ChessBase"]
[SourceDate "2017.06.22"]
[SourceVersion "1"]
[SourceVersionDate "2017.06.22"]
[SourceQuality "1"]

1. d4 Nf6 2. Bf4 e6 3. e3 c5 4. Nd2 cxd4 5. exd4 b6 6. Ngf3 Bb7 7. Bd3 Be7 8. h3 0-0 9. 0-0 d6 10. c3 Nbd7 11. Qe2 Qc7 12. Rfe1 Rfe8 13. a4 a6 14. Bg3 Bf8 15. Nc4 Bc6 16. Ne3 Qb7 17. Nd2 b5 18. Nb3 Be4 19. axb5 Bxd3 20. Qxd3 axb5 21. Nd2 d5 22. b4 Qc6 23. Nb3 Ne4 24. Nc5 Nxg3 25. fxg3 Nb6 26. Ng4 Nc4 27. Rxa8 Rxa8 28. Ne5 Qc7 29. Nxc4 dxc4 30. Qf3 Bd6 31. Kh2 Ra2 32. Rf1 Rd2 33. Nxe6 fxe6 34. Qe3 Bxg3+ 35. Kg1 Bf2+ 36. Rxf2 Rd1+ 37. Rf1 Rxf1+ 38. Kxf1 Qf7+ 39. Kg1 Qf5 40. Kh2 Kf7 41. Qg3 e5 1/2-1/2

[Event "American Continental 13th"]
[Site "Medellin"]
[Date "2017.06.11"]
[Round "2"]
[White "Panesso Rivera, Henry"]
[Black "Castaneda, Jorge Luis"]
[Result "1-0"]
[WhiteElo "2421"]
[BlackElo "2155"]
[PlyCount "81"]
[EventDate "2017.06.10"]
[EventType "swiss"]
[EventRounds "11"]
[EventCountry "COL"]
[SourceTitle "CBM 178 Extra"]
[Source "ChessBase"]
[SourceDate "2017.06.22"]
[SourceVersion "1"]
[SourceVersionDate "2017.06.22"]
[SourceQuality "1"]

1. Nf3 g6 2. e4 c5 3. c3 d5 4. e5 Nc6 5. d4 Bg4 6. Bb5 Qb6 7. Bxc6+ Qxc6 8. 0-0 e6 9. h3 Bf5 10. Bg5 c4 11. Bf6 Nxf6 12. exf6 Bd6 13. Na3 h6 14. Nc2 Bxc2 15. Qxc2 0-0-0 16. Qe2 Kb8 17. Rfc1 Qc7 18. b3 Rc8 19. Ne5 Bxe5 20. dxe5 Rhd8 21. Qe3 h5 22. b4 Qb6 23. Rd1 d4 24. Rxd4 Rxd4 25. Qxd4 Qxd4 26. cxd4 Kc7 27. Rc1 b5 28. f4 Kc6 29. Kf2 a5 30. bxa5 Kd5 31. Rb1 Kxd4 32. Ke2 c3 33. Rd1+ Ke4 34. a6 Rc7 35. Rb1 Kxf4 36. Rb4+ Kf5 37. Kd1 Ra7 38. g4+ hxg4 39. hxg4+ Kg5 40. a4 bxa4 41. Rxa4 1-0

[Event "COL sub zt 2.3.4"]
[Site "La Dorada"]
[Date "2016.11.06"]
[Round "8"]
[White "Castaneda, Jorge Luis"]
[Black "Munoz Romero, Cristian Camilo"]
[Result "1-0"]
[WhiteElo "2166"]
[BlackElo "1993"]
[PlyCount "107"]
[EventDate "2016.11.02"]
[EventType "swiss"]
[EventRounds "9"]
[EventCountry "COL"]
[SourceTitle "CBM 175 Extra"]
[Source "ChessBase"]
[SourceDate "2016.12.12"]
[SourceVersion "1"]
[SourceVersionDate "2016.12.12"]
[SourceQuality "1"]

1. d4 Nf6 2. Nf3 e6 3. Bf4 b6 4. e3 Bb7 5. Bd3 Be7 6. h3 0-0 7. Nbd2 c5 8. c3 d5 9. Qb1 Ba6 10. Bxa6 Nxa6 11. 0-0 Nb8 12. Rd1 cxd4 13. cxd4 Nc6 14. Rc1 Rc8 15. Qd3 Nb4 16. Qb3 Qd7 17. Ne5 Qb7 18. Ndf3 Ne4 19. a3 Nc6 20. Nxc6 Rxc6 21. Rxc6 Qxc6 22. Ne5 Qb7 23. Rc1 Rc8 24. Qd1 Nd6 25. Nd3 Nc4 26. Rc3 f6 27. a4 Na5 28. Qc2 Rc4 29. b3 Rxc3 30. Qxc3 Qd7 31. Kf1 Kf7 32. Ke2 Nc6 33. Qc2 h5 34. h4 Qb7 35. Bg3 Na5 36. Nf4 f5 37. Nxh5 Qa6+ 38. Kf3 Qf1 39. Nf4 Qh1 40. Nd3 Bxh4 41. Ne5+ Kf6 42. Bxh4+ Qxh4 43. Qc8 Qh5+ 44. g4 fxg4+ 45. Nxg4+ Kf5 46. Qf8+ Kg5 47. Qxg7+ Kh4 48. Qf6+ Kh3 49. Qf4 Qf5 50. b4 Nc6 51. b5 Ne7 52. Qxf5 Nxf5 53. Ne5 Nh4+ 54. Ke2 1-0

[Event "COL pre olympic sf"]
[Site "Bogota"]
[Date "2016.05.29"]
[Round "8"]
[White "Quinonez Garcia, Santiago"]
[Black "Castaneda, Jorge Luis"]
[Result "1-0"]
[WhiteElo "2125"]
[BlackElo "2240"]
[PlyCount "69"]
[EventDate "2016.05.25"]
[EventType "swiss"]
[EventRounds "9"]
[EventCountry "COL"]
[SourceTitle "CBM 172 Extra"]
[Source "ChessBase"]
[SourceDate "2016.06.21"]
[SourceVersion "1"]
[SourceVersionDate "2016.06.21"]
[SourceQuality "1"]

1. e4 d5 2. exd5 Qxd5 3. Nc3 Qa5 4. d4 c6 5. Bc4 Nf6 6. Bd2 Qc7 7. Qe2 Bf5 8. 0-0-0 e6 9. Nf3 b5 10. Bb3 b4 11. Na4 Nbd7 12. Ne5 Bd6 13. Nxd7 Qxd7 14. Nc5 Bxc5 15. dxc5 Qb7 16. f3 a5 17. g4 a4 18. Bc4 Bg6 19. Bf4 Nd5 20. Bd6 Kd7 21. Bg3 f6 22. h4 h6 23. f4 Rhe8 24. f5 Bf7 25. fxe6+ Bxe6 26. Qf3 Kc8 27. Rhe1 Qd7 28. Bxd5 Bxd5 29. Qf4 Re5 30. Rxe5 fxe5 31. Qxe5 Kb7 32. Rd4 Rf8 33. Rxb4+ Ka7 34. Rxa4+ Kb7 35. Qe2 1-0

[Event "COL pre olympic sf"]
[Site "Bogota"]
[Date "2016.05.27"]
[Round "5"]
[White "Castaneda, Jorge Luis"]
[Black "Corredor Castellanos, Camilo"]
[Result "0-1"]
[WhiteElo "2240"]
[BlackElo "1965"]
[PlyCount "38"]
[EventDate "2016.05.25"]
[EventType "swiss"]
[EventRounds "9"]
[EventCountry "COL"]
[SourceTitle "CBM 172 Extra"]
[Source "ChessBase"]
[SourceDate "2016.06.21"]
[SourceVersion "1"]
[SourceVersionDate "2016.06.21"]
[SourceQuality "1"]

1. d4 d5 2. Bf4 c5 3. e3 Nc6 4. c3 Qb6 5. Qb3 c4 6. Qxb6 axb6 7. Na3 e5 8. dxe5 Bxa3 9. bxa3 Rxa3 10. Kd2 b5 11. Ne2 Nge7 12. Nd4 Nxd4 13. exd4 b4 14. cxb4 Nc6 15. Kc2 Nxd4+ 16. Kb2 Nb5 17. Re1 Be6 18. Re3 Ra4 19. a3 0-0 0-1

[Event "COL pre olympic sf"]
[Site "Bogota"]
[Date "2016.05.26"]
[Round "2"]
[White "Castaneda, Jorge Luis"]
[Black "Rodriguez, German Enrique"]
[Result "1-0"]
[WhiteElo "2240"]
[BlackElo "2020"]
[PlyCount "91"]
[EventDate "2016.05.25"]
[EventType "swiss"]
[EventRounds "9"]
[EventCountry "COL"]
[SourceTitle "CBM 172 Extra"]
[Source "ChessBase"]
[SourceDate "2016.06.21"]
[SourceVersion "1"]
[SourceVersionDate "2016.06.21"]
[SourceQuality "1"]

1. d4 d5 2. Bf4 c5 3. e3 Nc6 4. c3 Nf6 5. Nf3 g6 6. Nbd2 Bg7 7. h3 0-0 8. Bd3 cxd4 9. exd4 Re8 10. 0-0 Nh5 11. Bh2 e5 12. dxe5 Nxe5 13. Nxe5 Bxe5 14. Bxe5 Rxe5 15. Nf3 Re7 16. Qd2 Qd6 17. Rfe1 Be6 18. Re5 f6 19. Re3 Rae8 20. Rae1 Bf7 21. Rxe7 Rxe7 22. Rxe7 Qxe7 23. Bc2 Ng7 24. Qf4 Qd8 25. Bb3 a6 26. Qd2 Nf5 27. g4 Ne7 28. g5 Nc6 29. gxf6 Qxf6 30. Bxd5 Qf5 31. Bxf7+ Kxf7 32. Kg2 Kg7 33. Qd6 Qf7 34. b3 Qf6 35. Qc7+ Qf7 36. Qxf7+ Kxf7 37. Kg3 Ne7 38. c4 Kf6 39. Kf4 h6 40. h4 Ke6 41. Ne5 b6 42. Ke4 a5 43. f4 h5 44. Nxg6 Nc8 45. f5+ Kf6 46. Nf4 1-0

[Event "COL pre olympic sf2"]
[Site "Cartagena"]
[Date "2016.05.09"]
[Round "9"]
[White "Castaneda, Jorge Luis"]
[Black "Escobar Medina, Andres F"]
[Result "0-1"]
[WhiteElo "2240"]
[BlackElo "2267"]
[PlyCount "72"]
[EventDate "2016.05.04"]
[EventType "swiss"]
[EventRounds "9"]
[EventCountry "COL"]
[SourceTitle "CBM 172 Extra"]
[Source "ChessBase"]
[SourceDate "2016.06.21"]
[SourceVersion "1"]
[SourceVersionDate "2016.06.21"]
[SourceQuality "1"]

1. d4 d5 2. Bf4 Nc6 3. e3 Nf6 4. c4 Bg4 5. Qa4 e6 6. Nc3 Be7 7. h3 Bf5 8. Nf3 0-0 9. a3 Bd6 10. Bg5 Be7 11. Bxf6 Bxf6 12. cxd5 exd5 13. Be2 Ne7 14. Rc1 c6 15. 0-0 g5 16. g4 Be6 17. b4 Qd7 18. Ne1 a6 19. Nd3 Ng6 20. Qd1 Bd8 21. f4 f5 22. Na4 Qg7 23. Nac5 Bc8 24. Ne5 gxf4 25. exf4 fxg4 26. Nxg6 Qxg6 27. hxg4 Bc7 28. Nd3 Qe4 29. Qd2 Qxd4+ 30. Kg2 Bd7 31. f5 Rae8 32. Bf3 Re3 33. Rcd1 Bxf5 34. gxf5 Rxf5 35. Nc5 Rg5+ 36. Kh1 Qh4+ 0-1

[Event "COL pre olympic sf2"]
[Site "Cartagena"]
[Date "2016.05.08"]
[Round "7"]
[White "Castaneda, Jorge Luis"]
[Black "Cardona, Jeyson"]
[Result "1/2-1/2"]
[WhiteElo "2240"]
[BlackElo "2065"]
[PlyCount "65"]
[EventDate "2016.05.04"]
[EventType "swiss"]
[EventRounds "9"]
[EventCountry "COL"]
[SourceTitle "CBM 172 Extra"]
[Source "ChessBase"]
[SourceDate "2016.06.21"]
[SourceVersion "1"]
[SourceVersionDate "2016.06.21"]
[SourceQuality "1"]

1. d4 d5 2. Bf4 c6 3. e3 Qb6 4. Qc1 Bf5 5. c4 e6 6. Nc3 Nd7 7. Nf3 Ngf6 8. c5 Qd8 9. h3 a5 10. Be2 b6 11. cxb6 Qxb6 12. 0-0 Be7 13. Na4 Qb7 14. Ne5 Nxe5 15. Bxe5 Nd7 16. Bg3 0-0 17. Qd1 c5 18. dxc5 Rfc8 19. Bd3 Bxd3 20. Qxd3 Nxc5 21. Nxc5 Rxc5 22. Be5 Rac8 23. Bc3 a4 24. Qd4 Bf6 25. Qxa4 Bxc3 26. bxc3 Rxc3 27. Rfb1 Qc7 28. Qb4 Rc4 29. Qb5 Rc5 30. Qb4 Rc4 31. Qb5 Rc5 32. Qb4 Rc4 33. Qb5 1/2-1/2

[Event "Bogota University op 9th"]
[Site "Bogota"]
[Date "2015.10.09"]
[Round "3"]
[White "Martinez Romero, Martin"]
[Black "Castaneda, Jorge Luis"]
[Result "1/2-1/2"]
[WhiteElo "2402"]
[BlackElo "2242"]
[PlyCount "86"]
[EventDate "2015.10.08"]
[EventType "swiss"]
[EventRounds "9"]
[EventCountry "COL"]
[SourceTitle "CBM 168 Extra"]
[Source "ChessBase"]
[SourceDate "2015.10.29"]
[SourceVersion "1"]
[SourceVersionDate "2015.10.29"]
[SourceQuality "1"]

1. e4 c6 2. Nc3 d5 3. Nf3 Bg4 4. h3 Bxf3 5. Qxf3 Nf6 6. d3 e6 7. Bd2 Bb4 8. a3 Ba5 9. e5 Nfd7 10. Qg3 Rg8 11. 0-0-0 c5 12. Nb5 Bc7 13. f4 Nc6 14. Be2 a6 15. Nxc7+ Qxc7 16. Qh4 h6 17. Rhe1 Qd8 18. Qxd8+ Kxd8 19. c3 b5 20. Bf3 c4 21. Be3 Na5 22. b4 cxb3 23. Kb2 Rc8 24. a4 bxa4 25. Ra1 Nb7 26. Be2 Nbc5 27. Bxc5 Nxc5 28. d4 Ne4 29. Rec1 f6 30. Rxa4 fxe5 31. dxe5 Nc5 32. Rd4 Ke7 33. Ra1 Rc6 34. Bf3 Rb6 35. f5 Rd8 36. Ra5 Rb5 37. Ra1 exf5 38. Bxd5 Rxd5 39. Rxd5 Na4+ 40. Rxa4 Rxd5 41. Rxa6 Rxe5 42. Kxb3 Rd5 43. Kb2 Rd2+ 1/2-1/2

[Event "Bogota University op 9th"]
[Site "Bogota"]
[Date "2015.10.08"]
[Round "2"]
[White "Castaneda, Jorge Luis"]
[Black "Larrada Roa, Hassid"]
[Result "1-0"]
[WhiteElo "2242"]
[BlackElo "1946"]
[PlyCount "96"]
[EventDate "2015.10.08"]
[EventType "swiss"]
[EventRounds "9"]
[EventCountry "COL"]
[SourceTitle "CBM 168 Extra"]
[Source "ChessBase"]
[SourceDate "2015.10.29"]
[SourceVersion "1"]
[SourceVersionDate "2015.10.29"]
[SourceQuality "1"]

1. d4 Nf6 2. Nf3 e6 3. Bf4 b6 4. Nbd2 Bb7 5. e3 Be7 6. h3 d6 7. Bd3 c5 8. c3 0-0 9. 0-0 d5 10. Qb1 Ba6 11. Ne5 Bxd3 12. Qxd3 Nfd7 13. Ndf3 Nxe5 14. Nxe5 f6 15. Nf3 f5 16. c4 Nc6 17. dxc5 Bxc5 18. Rfd1 Qe8 19. Qc3 dxc4 20. Qxc4 Nb4 21. Ng5 Rf6 22. a3 Nc6 23. b4 Bf8 24. Rac1 Rc8 25. Nf3 Ne7 26. Qa6 Rxc1 27. Rxc1 Qd7 28. Bg5 Rg6 29. Bxe7 Qxe7 30. Rc8 Rf6 31. Qc4 a5 32. Ne5 axb4 33. axb4 h6 34. h4 Kh7 35. h5 Qxb4 36. Qxb4 Bxb4 37. Ng6 Rxg6 38. hxg6+ Kxg6 39. Rc6 Bc5 40. Rxe6+ Kh5 41. Kf1 g5 42. f4 Bb4 43. Rxb6 Be7 44. g3 Bd8 45. Re6 Bf6 46. e4 Bd4 47. e5 Bf2 48. Rxh6+ Kxh6 1-0

[Event "Medellin Flores op 22nd"]
[Site "Medellin"]
[Date "2015.08.08"]
[Round "6"]
[White "Castaneda, Jorge Luis"]
[Black "Gamboa, Nelson"]
[Result "1/2-1/2"]
[WhiteElo "2216"]
[BlackElo "2341"]
[PlyCount "91"]
[EventDate "2015.08.05"]
[EventType "swiss"]
[EventRounds "9"]
[EventCountry "COL"]
[SourceTitle "EXT 2016"]
[Source "ChessBase"]
[SourceDate "2015.10.08"]
[SourceVersion "1"]
[SourceVersionDate "2015.10.08"]
[SourceQuality "1"]

1. d4 f5 2. Nc3 Nf6 3. Bg5 d5 4. Bxf6 exf6 5. e3 Be6 6. Nge2 Bd6 7. Nf4 Bxf4 8. exf4 Qd6 9. Qd2 0-0 10. Be2 Nc6 11. a3 Rae8 12. 0-0 Bf7 13. Bb5 Kh8 14. Bxc6 Qxc6 15. Rfe1 Qb6 16. b3 Qd6 17. a4 Qb4 18. Ne4 Qb6 19. Nc5 Qc6 20. f3 b6 21. Nd3 Qd7 22. Rxe8 Rxe8 23. Re1 Rc8 24. Qe3 Kg8 25. Qe7 Qxe7 26. Rxe7 Kf8 27. Re2 c5 28. Ne1 a5 29. Kf2 c4 30. Re3 Be8 31. Ke2 Kf7 32. Kd2 b5 33. axb5 Bxb5 34. g3 Ra8 35. Ng2 cxb3 36. Rxb3 Rb8 37. Ne3 Ke6 38. c4 dxc4 39. d5+ Kd6 40. Nxc4+ Kxd5 41. Nxa5 Kc5 42. Rc3+ Kd5 43. Rb3 Kc5 44. Rc3+ Kd5 45. Rb3 Rb6 46. Kc3 1/2-1/2

[Event "San Andres Islas Caribe-ch"]
[Site "San Andres Islas"]
[Date "2015.05.06"]
[Round "4"]
[White "Dominguez, Ramiro"]
[Black "Castaneda, Jorge Luis"]
[Result "0-1"]
[WhiteElo "2196"]
[BlackElo "2199"]
[PlyCount "53"]
[EventDate "2015.05.05"]
[EventType "swiss"]
[EventRounds "6"]
[EventCountry "COL"]
[SourceTitle "CBM 166 Extra"]
[Source "ChessBase"]
[SourceDate "2015.06.18"]
[SourceVersion "1"]
[SourceVersionDate "2015.06.18"]
[SourceQuality "1"]

1. e4 c6 2. Nf3 d5 3. e5 Bg4 4. h3 Bxf3 5. Qxf3 e6 6. d4 c5 7. Bb5+ Nd7 8. c3 Ne7 9. Bg5 a6 10. Bxd7+ Qxd7 11. Bxe7 Bxe7 12. dxc5 Bxc5 13. 0-0 0-0 14. Qe2 f6 15. exf6 Rxf6 16. Kh1 Raf8 17. f3 Qd6 18. Nd2 Ba7 19. Rfe1 Bb8 20. Nf1 e5 21. Ne3 e4 22. Ng4 Rf4 23. Nh2 R4f7 24. g4 exf3 25. Qf2 Bc7 26. Nf1 Qh6 27. h4 0-1

[Event "COL-ch U26"]
[Site "Cali"]
[Date "2014.10.21"]
[Round "6"]
[White "Castaneda, Jorge Luis"]
[Black "Elias Alvarez, Alfonso Jose"]
[Result "1-0"]
[WhiteElo "2199"]
[BlackElo "2050"]
[PlyCount "47"]
[EventDate "2014.10.19"]
[EventType "swiss"]
[EventRounds "6"]
[EventCountry "COL"]
[SourceTitle "EXT 2015"]
[Source "ChessBase"]
[SourceDate "2014.11.20"]
[SourceVersion "1"]
[SourceVersionDate "2014.11.20"]
[SourceQuality "1"]

1. d4 Nf6 2. Nf3 e6 3. e3 b6 4. Bd3 Bb7 5. Nbd2 c5 6. 0-0 Nc6 7. c3 d5 8. Qe2 Be7 9. dxc5 Bxc5 10. e4 dxe4 11. Nxe4 Be7 12. Re1 0-0 13. Bg5 Nd5 14. Rad1 Qc7 15. Bb1 Rfd8 16. Qc2 g6 17. h4 Nf4 18. Nf6+ Kg7 19. Bxf4 Qxf4 20. Nh5+ gxh5 21. Qxh7+ Kf6 22. Ng5 Ne5 23. Qh6+ Ng6 24. Nh7# 1-0

[Event "COL-ch U26"]
[Site "Cali"]
[Date "2014.10.19"]
[Round "2"]
[White "Castaneda, Jorge Luis"]
[Black "Corredor Sanchez, Fabian Ricardo"]
[Result "1-0"]
[WhiteElo "2199"]
[BlackElo "2039"]
[PlyCount "99"]
[EventDate "2014.10.19"]
[EventType "swiss"]
[EventRounds "6"]
[EventCountry "COL"]
[SourceTitle "EXT 2015"]
[Source "ChessBase"]
[SourceDate "2014.11.20"]
[SourceVersion "1"]
[SourceVersionDate "2014.11.20"]
[SourceQuality "1"]

1. d4 Nf6 2. Nf3 e6 3. e3 d5 4. Bd3 Be7 5. Ne5 c5 6. c3 Nbd7 7. f4 Qc7 8. Nd2 b6 9. 0-0 Bb7 10. Qf3 g6 11. Qh3 a6 12. Ndf3 Ne4 13. Bd2 Nxe5 14. fxe5 0-0-0 15. Be1 Rdg8 16. Nd2 Nxd2 17. Bxd2 Bd8 18. Rf2 Kb8 19. Raf1 Rg7 20. Qf3 h5 21. Qe2 c4 22. Bc2 g5 23. Rb1 g4 24. Rff1 Be7 25. b3 Ka7 26. bxc4 dxc4 27. e4 Ba8 28. Be3 Rb8 29. a4 h4 30. Rb2 Ba3 31. Ra2 Be7 32. Rb1 Bg5 33. Bxg5 Rxg5 34. Rab2 a5 35. Qe3 Rg7 36. Rf1 Bc6 37. Rf4 Bb7 38. Bd1 Ba8 39. Bxg4 Rbg8 40. h3 Bc6 41. Ra2 Qd7 42. Qe2 Bxa4 43. Qxc4 Bb5 44. Qb3 Bc6 45. d5 Bb7 46. c4 Qc7 47. Qe3 Qxc4 48. Rxa5+ Kb8 49. Qxb6 exd5 50. Qa7+ 1-0

[Event "Bogota University op 7th"]
[Site "Bogota"]
[Date "2013.10.11"]
[Round "4"]
[White "Castaneda, Jorge Luis"]
[Black "Escobar Forero, Alder"]
[Result "0-1"]
[WhiteElo "2178"]
[BlackElo "2455"]
[PlyCount "98"]
[EventDate "2013.10.10"]
[EventType "swiss"]
[EventRounds "9"]
[EventCountry "COL"]
[SourceTitle "CBM 156 Extra"]
[Source "ChessBase"]
[SourceDate "2013.10.22"]
[SourceVersion "1"]
[SourceVersionDate "2013.10.22"]
[SourceQuality "1"]

1. d4 Nf6 2. Nf3 d6 3. Nc3 Bf5 4. Nh4 Bd7 5. e4 e5 6. Nf3 Nc6 7. h3 exd4 8. Nxd4 Be7 9. Be3 0-0 10. g4 Nxd4 11. Qxd4 c5 12. Qd3 Bc6 13. Bg2 Re8 14. 0-0 Bf8 15. Rfe1 h6 16. f4 Qb6 17. b3 Re7 18. Nd5 Bxd5 19. exd5 Rae8 20. c4 g6 21. Bd2 Bg7 22. Rxe7 Rxe7 23. Re1 Qd8 24. Bf3 Nd7 25. Bd1 Rxe1+ 26. Bxe1 Qf6 27. Bg3 Qa1 28. Qe2 Bd4+ 29. Kh2 Kg7 30. h4 Nf6 31. Qc2 h5 32. g5 Ng4+ 33. Bxg4 Qg1+ 34. Kh3 Qf1+ 35. Qg2 hxg4+ 36. Kh2 Qc1 37. Qh1 Qd2+ 38. Qg2 Qe3 39. Qf1 a6 40. Qd1 b5 41. Qxg4 Qg1+ 42. Kh3 Qf1+ 43. Kh2 bxc4 44. bxc4 Qxc4 45. Qf3 Qxa2+ 46. Kh3 Qa4 47. h5 Qd7+ 48. Kh2 Qf5 49. hxg6 Kxg6 0-1